| 000 | 00706nam a2200217Ia 4500 | ||
|---|---|---|---|
| 999 |
_c34859 _d34859 |
||
| 001 | 677 | ||
| 003 | GE_BSU | ||
| 005 | 20210225154247.0 | ||
| 008 | 181216s2009||||ge |||||||||||||| ||geo|| | ||
| 020 | _a9789994064762 | ||
| 040 | _cGE_BSU | ||
| 041 | _ageo | ||
| 080 | _a913(075.8) ნ-44 | ||
| 100 |
_aნეიძე, ვაჟა _910246 |
||
| 245 |
_aგეოგრაფია 7 [კლასი] / _cვაჟა ნეიძე. |
||
| 250 | _aმე-2 გადამუშ.გამოც. | ||
| 264 |
_aთბილისი : _bლოგოს პრესი, _c2009. |
||
| 300 |
_a230 გვ.: _bილ., რუკ. ; _c27 სმ. |
||
| 653 | _aგეოგრაფია | ||
| 942 |
_cBK _2udc |
||